| 000 | 00487cam a2200169 a 4500 | ||
|---|---|---|---|
| 020 | _a007290500X (acidfree paper) | ||
| 020 | _a007117902X (International ed.) | ||
| 040 | _cDLC | ||
| 082 | 0 | 0 | _a540 HIL 2000 A032 Or. |
| 100 | 1 | _aChang, Raymond. | |
| 245 | 1 | 0 |
_aEssential chemistry : _ba core text for general chemistry / |
| 250 | _a2nd ed. | ||
| 260 |
_aBoston : _bMcGraw-Hill, _cc2000. |
||
| 300 |
_axxiv, 775 p. : _bill. (some col.) ; _c26 cm. |
||
| 650 | 0 | _aChemistry. | |
| 942 | _cEK | ||
| 999 |
_c12139 _d12139 |
||